Super Paper Mario Consumables - Statistics

General Stats
  • This quiz has been taken 19 times
  • The average score is 65 of 151
Answer Stats
Answer % Correct
Shroom Shake
91%
Mistake
82%
Big Egg
73%
Block Block
73%
Block Meal
73%
Catch Card
73%
Catch Card SP
73%
Fire Burst
73%
Honey Jar
73%
Hot Sauce
73%
Ice Storm
73%
Koopa Tea
73%
POW Block
73%
Shell Shock
73%
Super Shroom Shake
73%
Thunder Rage
73%
Turtley Leaf
73%
Ultra Shroom Shake
73%
Black Apple
64%
Blue Apple
64%
Cake Mix
64%
Courage Shell
64%
Dayzee Tear
64%
Fried Egg
64%
Ghost Shroom
64%
Gold Bar
64%
Gold Bar x3
64%
Horsetail
64%
Life Shroom
64%
Long-Last Shake
64%
Mighty Tonic
64%
Miracle Dinner
64%
Poison Shroom
64%
Red Apple
64%
Shooting Star
64%
Sleepy Sheep
64%
Spicy Soup
64%
Stop Watch
64%
Volt Shroom
64%
Yellow Apple
64%
Dangerous Delight
55%
Dried Shroom
55%
Emergency Ration
55%
Golden Leaf
55%
Hamburger
55%
Keel Mango
55%
Mystery Box
55%
Peachy Peach
55%
Pink Apple
55%
Primordial Fruit
55%
Slimy Shroom
55%
Snow Bunny
55%
Weird Extract
55%
Awesome Snack
45%
Berry Snow Bunny
45%
Couple's Cake
45%
Dyllis Breakfast
45%
Egg Bomb
45%
Fried Shroom Plate
45%
Honey Candy
45%
Honey Shroom
45%
HP Plus
45%
Inky Sauce
45%
Meteor Meal
45%
Mistake (S)
45%
Power Plus
45%
Power Steak
45%
Primordial Dinner
45%
Slimy Extract
45%
Snow Cone
45%
Trial Stew
45%
Bone-In Cut
36%
Chocolate Cake
36%
Dayzee Syrup
36%
Dyllis Deluxe
36%
Dyllis Dinner
36%
Dyllis Dynamite
36%
Dyllis Lunch
36%
Fresh Pasta Bunch
36%
Fresh Veggie
36%
Fruit Parfait
36%
Healthy Salad
36%
Heavy Meal
36%
Honey Super
36%
Horsetail Tart
36%
Hot Dog
36%
Ink Pasta Dish
36%
Inky Soup
36%
Koopa Pilaf
36%
Koopasta Dish
36%
Mango Juice
36%
Peach Juice
36%
Roast Shroom Dish
36%
Sap Soup
36%
Shroom Broth
36%
Sky Juice
36%
Space Food
36%
Spicy Pasta Dish
36%
Standard Chocolate
36%
Star Medal
36%
Volcano Shroom
36%
Whacka Bump
36%
Choco Pasta Dish
27%
Electro Pop
27%
Fruity Hamburger
27%
Golden Choco-bar
27%
Golden Meal
27%
Gold Medal
27%
Gorgeous Steak
27%
Gradual Syrup
27%
Herb Tea
27%
Koopa Dumpling
27%
Lovely Chocolate
27%
Meat Pasta Dish
27%
Mild Cocoa Bean
27%
Mixed Shake
27%
Mushroom Crepe
27%
Odd Dinner
27%
Omelette Plate
27%
Peach Tart
27%
Roast Horsetail
27%
Roast Whacka Bump
27%
Sap Syrup
27%
Shroom Cake
27%
Shroom Choco-bar
27%
Shroom Delicacy
27%
Shroom Steak
27%
Smelly Herb
27%
Spaghetti Plate
27%
Stamina Juice
27%
Veggie Set
27%
Warm Cocoa
27%
Dyllis Special
18%
Fruity Cake
18%
Fruity Shroom
18%
Gingerbread House
18%
Heartful Cake
18%
Love Noodle Dish
18%
Love Pudding
18%
Luxurious Set
18%
Megaton Dinner
18%
Mousse
18%
Spicy Dinner
18%
Spit Roast
18%
Sweet Choco-bar
18%
Sweet Cookie Snack
18%
Town Special
18%
Fruity Punch
9%
Mango Pudding
9%
Sap Muffin
9%
Shroom Pudding
9%
No matching quizzes found
Score Distribution
Percent of People with Each Score
Percentile by Number Answered
Your Score History
You have not taken this quiz